000 00679nam a2200265Ia 4500
005 20250425161240.0
008 250425s9999 xx 000 0 und d
020 _a0852381158
041 _aeng
082 _a664.944
100 _aWINDSOR, MALCOLM
245 0 _aINTRODUCTION TO FISHERY BY-PRODUCTS
250 _aS.E.
260 _aCanadá
_bFISHING NEWS
_c1981
260 _aSURREY
300 _a189
500 _aConsultar inv.22870 en BIBTEC
650 _aACEITES DE PESCADO
650 _aCONCENTRADO DE PROTEINAS DE PESCADO
650 _aHARINA DE PESCADO
650 _aPRODUCTOS PESQUEROS
700 _aBARLOW, STUART
942 _c01
010 _a16099
999 _c205424
_d205424